Score 0/16 Timer 02:00
2 Plays Today
Clue 4-Letter Word % Correct
Calendar numberDATE
93.3%
σ Raw information σσ DATA σ
93.3%
Like a neat bedMADE
86%
One of a pairMATE
84.9%
σ Most frequent value σσ MODE σ
84.4%
'Encore!'MORE
83.9%
Poetic daybreakMORN
78.5%
σ Measure of central tendency σσ MEAN σ
77.3%
Clue 4-Letter Word % Correct
Haunted house soundMOAN
76%
Milk sourceTEAT
71.4%
Bothersome insectPEST
69.9%
Most substantial partMEAT
68.1%
Bog productPEAT
67.4%
σ Z-, Chi-Square, or Significance, e.g. σσ TEST σ
63.2%
Surveyor's mapPLAT
37.8%
σ Visual representation of [Rung 1] sets σσ PLOT σ
29.3%

Today's Daily Dose

Remove Ads.
Support Sporcle.
Get the best of Sporcle when you Go Orange. This ad-free experience offers more features, more stats, and more fun while also helping to support Sporcle. Thank you for becoming a member.

You're not logged in!

Compare scores with friends on all Sporcle quizzes.
OR
Log In

Show Comments

Extras

Top Quizzes Today


Score Distribution

Your Account Isn't Verified!

In order to create a playlist on Sporcle, you need to verify the email address you used during registration. Go to your Sporcle Settings to finish the process.

Report this User

Report this user for behavior that violates our Community Guidelines.

Details: